El español en Venecia o La cabeza encantada : (Record no. 158964)

MARC details
000 -LEADER
campo de control de longitud fija 00895nam a2200205 i 4500
001 - NÚMERO DE CONTROL
campo de control 158964
003 - IDENTIFICADOR DE NÚMERO DE CONTROL
campo de control ES-MaACL
005 - FECHA Y HORA DE LA ÚLTIMA TRANSACCIÓN
campo de control 20231226160300.0
008 - DATOS DE LONGITUD FIJA--INFORMACIÓN GENERAL
campo de control de longitud fija 931025s1843 sp |||| | spa d
080 ## - NÚMERO DE LA CLASIFICACIÓN DECIMAL UNIVERSAL
Número de la Clasificación Decimal Universal 821.134.2-22"18"
100 1# - ENTRADA PRINCIPAL--NOMBRE DE PERSONA
Nombre de persona Martínez de la Rosa, Francisco,
Fechas asociadas al nombre 1787-1862
9 (RLIN) 78009
245 13 - MENCIÓN DEL TÍTULO
Título El español en Venecia o La cabeza encantada :
Resto del título comedia original en cinco actos y en verso /
Mención de responsabilidad, etc. por Don Francisco Martínez de la Rosa.
260 ## - PUBLICACIÓN, DISTRIBUCIÓN, ETC.
Lugar de publicación, distribución, etc. Madrid :
Nombre del editor, distribuidor, etc. [s.n.],
Fecha de publicación, distribución, etc. 1843 (
Fabricante Imp. de D. Vicente de Lalama)
300 ## - DESCRIPCIÓN FÍSICA
Extensión 87 p. ;
Dimensiones 20cm.
530 ## - NOTA DISPONIBLE DE FORMULARIO FÍSICO ADICIONAL
Nota de formato físico adicional disponible Disponible en formato digital.
740 32 - ENTRADA AGREGADA--TÍTULO RELACIONADO/ANALÍTICO NO CONTROLADO
Título relacionado o analítico no controlado La cabeza encantada.
852 ## - LOCALIZACIÓN
Ubicación ES-MaACL
Número de control de estantería D-2492(3)
Nota libre - Enc. hol., conservando cub. original
-- - Enc. en un vol. facticio
-- - Legado Modesto de la Fuente
856 ## - LOCALIZACIÓN Y ACCESO ELECTRÓNICOS
Identificador Uniforme de Recursos <a href="https://archive.org/details/elespaolenveneci00mart ">https://archive.org/details/elespaolenveneci00mart </a>
Nota pública Internet Archive
Holdings
Estatus retirado Estado de pérdida Estado de daño No para préstamo Colección Biblioteca de origen Biblioteca actual Ubicación en estantería Fecha de adquisición Total de préstamos Signatura topográfica completa Código de barras Visto por última vez Precio de reemplazo Tipo de ítem Koha
        Colección digital Biblioteca del Ateneo de Madrid Biblioteca del Ateneo de Madrid Sala Valle Inclán 17/01/2008   D-2492(3) 901166399 23/02/2023 23/02/2023 Libro impreso antiguo